书目信息 |
| 题名: |
既有建筑综合改造工程实例集
|
|
| 作者: | 李朝旭 , 王清勤 主编 | |
| 分册: | 3 | |
| 出版信息: | 北京 中国建筑工业出版社 2011.01 |
|
| 页数: | 392页 | |
| 开本: | 26cm | |
| 丛书名: | 既有建筑综合改造系列丛书 | |
| 单 册: | ||
| 中图分类: | TU746.3 | |
| 科图分类: | ||
| 主题词: | 建筑物--jian zhu wu--改造--案例--中国 | |
| 电子资源: | ||
| ISBN: | 978-7-112-12725-2 | |
| 000 | 01116nam 2200301 450 | |
| 001 | B20110014884 | |
| 005 | 20110718082644.90 | |
| 010 | @a978-7-112-12725-2@dCNY59.00 | |
| 100 | @a20110303d2011 km y0chiy50 ea | |
| 101 | 0 | @achi |
| 102 | @aCN@b110000 | |
| 105 | @aak z 000yy | |
| 106 | @ar | |
| 200 | 1 | @a既有建筑综合改造工程实例集@Aji you jian zhu zong he gai zao gong cheng shi li ji@d= Integrated retrofitting of existing buildings-case studies 3@h3@f李朝旭, 王清勤主编@zeng |
| 210 | @a北京@c中国建筑工业出版社@d2011.01 | |
| 215 | @a392页@c图@d26cm | |
| 225 | 2 | @a既有建筑综合改造系列丛书@Aji you jian zhu zong he gai zao xi lie cong shu |
| 330 | @a本书包括:公共建筑、居住建筑、历史风貌、工业建筑等内容 | |
| 333 | @a适合建筑设计人员 | |
| 410 | 0 | @12001 @a既有建筑综合改造系列丛书 |
| 510 | 1 | @aIntegrated retrofitting of existing buildings-case studies 3@zeng |
| 586 | @a | |
| 606 | 0 | @a建筑物@Ajian zhu wu@x改造@x案例@y中国 |
| 690 | @aTU746.3@v5 | |
| 701 | 0 | @a李朝旭@Ali chao xu@4主编 |
| 701 | 0 | @a王清勤@Awang qing qin@4主编 |
| 801 | 0 | @aCN@c20110610 |
| 905 | @dTU746.3@eL130:3@f5 | |
| 既有建筑综合改造工程实例集= Integrated retrofitting of existing buildings-case studies 3.3/李朝旭, 王清勤主编.-北京:中国建筑工业出版社,2011.01 |
| 392页:图;26cm.-(既有建筑综合改造系列丛书) |
| 使用对象:适合建筑设计人员 |
| ISBN 978-7-112-12725-2:CNY59.00 |
| 本书包括:公共建筑、居住建筑、历史风貌、工业建筑等内容 |
| ● |
| 相关链接 |
|
|
|
正题名:既有建筑综合改造工程实例集
索取号:TU746.3/L130:3
 
预约/预借
| 序号 | 登录号 | 条形码 | 馆藏地/架位号 | 状态 | 备注 |
| 1 | 885576 | 208855764 | 建筑库201/201建筑库 41排2列2层/ [索取号:TU746.3/L130:3] | 在馆 | |
| 2 | 885577 | 208855773 | 建筑库201/201建筑库 41排2列2层/ [索取号:TU746.3/L130:3] | 在馆 | |
| 3 | 885578 | 208855782 | 管理学院资料室/101建筑库 66排3列1层/ [索取号:TU746.3/L130:3] | 在馆 | |
| 4 | 885579 | 208855791 | 管理学院资料室/101建筑库 66排3列1层/ [索取号:TU746.3/L130:3] | 在馆 | |
| 5 | 885580 | 208855808 | 建筑库201/201建筑库 41排2列2层/ [索取号:TU746.3/L130:3] | 在馆 |